Lavalle / (Record no. 179045)

MARC details
000 -LEADER
campo de control de longitud fija 00742nam a2200229 i 4500
001 - NÚMERO DE CONTROL
campo de control 179045
003 - IDENTIFICADOR DE NÚMERO DE CONTROL
campo de control ES-MaACL
005 - FECHA Y HORA DE LA ÚLTIMA TRANSACCIÓN
campo de control 20251109142313.0
008 - DATOS DE LONGITUD FIJA--INFORMACIÓN GENERAL
campo de control de longitud fija 110824s1910 ag |||| | spa d
080 ## - NÚMERO DE LA CLASIFICACIÓN DECIMAL UNIVERSAL
Número de la Clasificación Decimal Universal 982"1817/60"
080 ## - NÚMERO DE LA CLASIFICACIÓN DECIMAL UNIVERSAL
Número de la Clasificación Decimal Universal 929 Lavalle, Juan
100 1# - ENTRADA PRINCIPAL--NOMBRE DE PERSONA
Nombre de persona Lavalle, Enrique Richard.
9 (RLIN) 147729
245 10 - MENCIÓN DEL TÍTULO
Título Lavalle /
Mención de responsabilidad, etc. por Enrique Richard Lavalle.
260 ## - PUBLICACIÓN, DISTRIBUCIÓN, ETC.
Lugar de publicación, distribución, etc. Buenos Aires :
Nombre del editor, distribuidor, etc. Cabaut,
Fecha de publicación, distribución, etc. 1910.
300 ## - DESCRIPCIÓN FÍSICA
Extensión 157 p. ;
Dimensiones 18 cm.
490 1# - MENCIÓN DE SERIE
Mención de serie Biblioteca de mayo. Nuestros hombres ;
Designación de volumen o secuencia 3
600 17 - PUNTO DE ACCESO ADICIONAL DE MATERIA--NOMBRE DE PERSONA
Nombre de persona Lavalle, Juan,
Fechas asociadas al nombre 1797-1841
Fuente del encabezamiento o término
9 (RLIN) 147728
651 #4 - PUNTO DE ACCESO ADICIONAL DE MATERIA--NOMBRE GEOGRÁFICO
Nombre geográfico Argentina-
Subdivisión general Historia-
Subdivisión cronológica 1817-1860.
9 (RLIN) 146569
830 00 - PUNTO DE ACCESO ADICIONAL DE SERIE-TÍTULO UNIFORME
Título uniforme Biblioteca de mayo.
Nombre de parte o sección de la obra Nuestros hombres
Designación de volumen o secuencia 3
9 (RLIN) 191054
852 ## - LOCALIZACIÓN
Ubicación ES-MaACL
Número de control de estantería D-1894
Holdings
Estatus retirado Estado de pérdida Estado de daño No para préstamo Biblioteca de origen Biblioteca actual Ubicación en estantería Fecha de adquisición Fuente de adquisición Total de préstamos Signatura topográfica completa Código de barras Visto por última vez Precio de reemplazo Tipo de ítem Koha
        Biblioteca del Ateneo de Madrid Biblioteca del Ateneo de Madrid Sala Valle Inclán 24/08/2011     D-1894 901188075 23/02/2023 23/02/2023 Libro impreso